00350 a2200109 4500001001000000005001700010008004100027245005700068100002500125773007300150999001700223ART_6357920260410161813.0260409a 10aAlgún apunte sobre la sociedad anónima deportiva1 aBarreiro, Marcelo G.0 tDoctrina Societaria y Concursalg- Nº 445 (oct./nov. 2025)wREV4298 c21681d21681